|
|
|
|
| LEADER |
00000cam a2200000 7i4500 |
| 001 |
0000006460 |
| 005 |
20151222.0 |
| 008 |
070816 |
| 020 |
|
|
|a 0060782137
|
| 090 |
0 |
0 |
|a JF SC
|b ENG
|
| 245 |
1 |
0 |
|a Butterflies!
|c by the editors of Time for kids with David Bjerklie
|
| 260 |
|
|
|a New York :
|b Harper Collins Publishers ,
|c 2006
|
| 440 |
|
|
|a Times for kids
|
| 500 |
|
|
|a Children ages 7-9 years old (orange)
|
| 650 |
|
0 |
|a Butterfiles
|x Juvenile literature
|
| 700 |
1 |
|
|a Bjerklie, David
|
| 730 |
1 |
|
|a Time for kids
|
| 999 |
|
|
|a 0000985259
|b Book
|c Children Collection
|e Cawangan Sri Merlong
|
| 999 |
|
|
|a 0001047548
|b Book
|c Children Collection
|e Cawangan Tmn. Ungku Tun Aminah
|
| 999 |
|
|
|a 0001047549
|b Book
|c Children Collection
|e Perbadanan Perpustakaan Awam Johor
|
| 999 |
|
|
|a 0001047550
|b Book
|c Children Collection
|e Perbadanan Perpustakaan Awam Johor
|